[Event "Cap d'Agde GP CCAS"]
[Site "Cap d'Agde"]
[Date "2013.10.29"]
[Round "5"]
[White "Valles, Manuel"]
[Black "Gordon, Stephen J"]
[Result "1/2-1/2"]
[WhiteElo "2336"]
[BlackElo "2526"]
[Annotator "Valles,M"]
[PlyCount "198"]
[EventDate "2013.10.26"]
[EventType "swiss"]
[EventRounds "9"]
[EventCountry "FRA"]
[SourceTitle "EXT 2016"]
[Source "ChessBase"]
[SourceDate "2015.10.08"]
[SourceVersion "1"]
[SourceVersionDate "2015.10.08"]
[SourceQuality "1"]

1. d4 Nf6 2. c4 e6 3. Nc3 Bb4 4. e3 b6 5. Bd3 Bb7 6. Nf3 (6. Nge2 $5) 6... O-O
7. O-O Bxc3 8. bxc3 Be4 9. Be2 c5 10. Nd2 Bb7 (10... Bg6 11. Nb3 Qc7 12. f3 d5
13. cxd5 Nxd5 14. c4 Nc3 15. Qd2 Nxe2+ 16. Qxe2 cxd4 17. exd4 Nd7 18. Ba3 Rfe8
19. Rac1 Rac8 20. Rfe1 Qf4 21. Bb2 h6 22. Qe3 Qxe3+ 23. Rxe3 Red8 24. Kf2 Nb8
25. c5 Na6 26. cxb6 axb6 27. Rxc8 Rxc8 28. Rc3 Rxc3 29. Bxc3 Nc7 30. Bb4 Nd5
31. a3 Bd3 32. Nd2 f5 33. f4 Be4 34. g3 Kf7 {1/2-1/2 (34) Ipatov,A (2577)-Yu,Y
(2635) Athens 2012}) 11. Qc2 $146 (11. f3 d5 12. Nb3 dxc4 13. Bxc4 Qc7 14. Qe2
Nbd7 15. Bb2 Rac8 16. Nd2 Ne8 17. Bd3 Nd6 18. c4 Rfe8 19. Rfe1 f5 20. Qf2 e5
21. d5 Re7 22. Qh4 Rce8 23. Bc2 Nf8 24. Rac1 Ng6 25. Qf2 a6 26. Bd1 Bc8 27. Be2
Bd7 28. Bf1 Bc8 29. Rc3 f4 30. Bd3 Bf5 31. Bxf5 Nxf5 32. exf4 exf4 33. Rxe7
Ngxe7 34. Ne4 Nc8 35. Rc1 Ncd6 36. Ng5 Re3 37. Ne6 Qe7 38. Ba1 h5 39. g3 Ra3
40. Re1 Nxc4 {Narciso Dublan,M (2546)-Nakamura,H (2648) Barcelona 2007 0-1 (71)
}) 11... Nc6 12. Nb3 d6 13. e4 e5 14. d5 Ne7 15. a4 Ne8 16. Bg4 Bc8 17. Bxc8
Rxc8 18. f3 Kh8 19. a5 Qd7 20. axb6 axb6 21. Ra6 Rb8 22. Be3 (22. f4) 22... Nc7
23. Ra7 Nc8 24. Ra2 Rb7 25. Nd2 Ne7 26. Rfa1 Rfb8 27. Ra7 Rxa7 28. Rxa7 Nc8 29.
Ra1 Kg8 30. Qa4 Qxa4 31. Rxa4 Kf8 32. Ra1 Ke7 33. Kf2 Kd7 34. Ke2 Ne7 35. g3
Ra8 36. Rxa8 Nxa8 37. Kd3 Nc7 38. Nb1 Ne8 39. Bg5 f6 40. Be3 h6 41. Nd2 f5 42.
g4 f4 43. Bf2 g5 44. h4 Ng6 45. h5 Ne7 46. Kc2 Ng8 47. Nf1 Ngf6 48. Nh2 Kc8 49.
Bg1 Kb7 50. Bf2 Ka6 51. Be1 Ka5 52. Bf2 Ka4 53. Be1 Nc7 54. Nf1 Ka3 55. Bf2 Ka2
56. Be1 Nd7 57. Nd2 Ka3 58. Bf2 Ne8 59. Nf1 Ka4 60. Be1 Ndf6 61. Nh2 Nc7 62.
Nf1 Nfe8 63. Nd2 Nf6 64. Nf1 Nce8 65. Nh2 Nd7 66. Nf1 Nef6 67. Nh2 b5 68. cxb5
Nb6 69. Nf1 Kxb5 70. Bf2 Nc4 71. Kb3 Nd7 72. Be1 Ndb6 73. Bf2 Na5+ 74. Kc2 Nbc4
75. Bh4 $1 {La ressource defensive.} Nb7 (75... gxh4 $1 76. g5 Ne3+ 77. Kd3 (
77. Nxe3 $2 fxe3 78. gxh6 e2 $1 79. Kd2 h3 80. h7 h2 81. h8=Q e1=Q+ 82. Kxe1
h1=Q+ $19) 77... Nxf1 78. g6 h3 79. g7 h2 80. g8=Q Ka4 $3 $19 (80... h1=Q 81.
Qe8+ {Ce que l'on a vue.}) 81. Qg2 c4+ 82. Ke2 h1=Q 83. Qxh1 Ng3+) 76. Be1 Nb6
77. Bf2 Ka4 78. Be1 Nc4 79. Bf2 Nba5 80. Be1 Na3+ 81. Kb2 N3c4+ 82. Kc2 Na3+
83. Kb2 N5c4+ 84. Ka2 Nb6 85. Kb2 Nac4+ 86. Kc2 Ka3 87. Bd2 Na5 88. Be1 Ka2 89.
Bd2 Nac4 90. Bc1 Nd7 91. Nh2 Ndb6 92. Nf1 Na5 93. Bd2 Nbc4 94. Be1 Na3+ 95. Kc1
N3c4 96. Kc2 Na3+ 97. Kc1 Kb3 98. Nd2+ Ka4 99. Nf1 N3c4 1/2-1/2

[Event "Olympiad-33"]
[Site "Elista"]
[Date "1998.10.09"]
[Round "10.1"]
[White "Sadler, Matthew D"]
[Black "Lautier, Joel"]
[Result "1-0"]
[WhiteElo "2660"]
[BlackElo "2625"]
[Annotator "Wells,P"]
[PlyCount "69"]
[EventDate "1998.09.29"]
[EventType "team-swiss"]
[EventRounds "13"]
[EventCountry "RUS"]
[SourceTitle "CBM 068"]
[Source "ChessBase"]
[SourceDate "1999.02.01"]
[SourceVersion "1"]
[SourceVersionDate "1999.02.01"]
[SourceQuality "1"]
[WhiteTeam "England"]
[BlackTeam "France"]
[WhiteTeamCountry "ENG"]
[BlackTeamCountry "FRA"]

1. d4 Nf6 2. c4 e6 3. Nc3 Bb4 4. e3 {Both Matthew Sadler and Joel Lautier are
noted for their conscientious and deep opening preparation. They also know
each others game particularly well, and are both specialists in the Nimzo with
4.e3. All of these facts render the opening phase of special interest here.}
O-O 5. Bd3 c5 6. Nf3 b6 7. O-O Bb7 8. Na4 {This is regarded as the most
critical line here. White places his knight off-side quite simply to prevent
its exchange, and thus induce one of two effects: i) Black to exchange on d4
in order to open up the natural path of retreat for the bishop on b4 which
will clarify the centre and leave white with a little more space.  Wells: This
is regarded as the most critical line here. White places his knight off-side
quite simply to prevent its exchange, and thus induce one of two effects: i)
Black exchanges on d4 in order to open up the natural path of retreat for the
bishop on b4 which will clarify the centre and leave white with a little more
space.  ii) The bishop on b4 will be forced to retreat to the unnatural square
a5, from where it will play a limited role in the struggle for the centre and
in some cases its very survival may be under threat.} Qe7 $5 {This ambitious
move was played quite often in the 1960s, but was virtually unknown in recent
practice until Boris Gelfand used it to beat Lautier(!) in Bad Godesburg 1997 
( see CBM 58 ).} (8... cxd4 {[%cal Yb4f8] is still the main line. It can be
seen as a 'healthy exchange of diagonals' where black secures his bishop's
retreat, and sets up something akin to a 'hedgehog', while white enjoys the
customary spatial pull. Of course in this case the return of the a4 knight is
only a matter of tempi.} 9. exd4 {[%cal Yc1g5]} (9. a3 $5 Be7 10. exd4 {
[%cal Yc1g5]}) 9... Re8 $5 10. Bg5 Bf8) ({The experimental} 8... Na6 $6 {
on the other hand is not to be recommended.} 9. a3 Ba5 10. b3 Qe7 11. Bb2 Rac8
12. d5 $1 {[%csl Ra5,Ra6][%cal Yb2f6,Yd3h7] A thematic central breakthrough
when black's minor pieces are seriously off-side.} exd5 13. cxd5 d6 (13... Nxd5
14. Bxa6 Bxa6 15. Qxd5 $18) 14. Nh4 Nxd5 15. Nf5 Qg5 16. h4 $1 $18 {Lesiege,
A-Sokolov,I/Elista (ol) 1998.}) 9. a3 Ba5 10. b3 $5 {With the quiet and
sensible move, white hopes to show that, of the two 'off-side pieces' it is
black's which will be more sorely missed. Moreover, practice suggests that
more direct tactical attempts to exploit the bishop's position on a5 meet with
quite robust defence.} (10. dxc5 bxc5 11. Nxc5 Qxc5 12. b4 Bxf3 13. Qxf3 Qe5
14. bxa5 $8 Qxa1 15. Qxa8 Qc3 16. Rd1 Nc6 17. Qb7 Qxa5 {Wells: White's
slightly weaker structure and the time he is forced to lose bringing his queen
back into play enables black to commence active operations straightaway, which
fully compensates for the bishop pair.} 18. Qb5 Qc7 19. Qb3 Ne5 20. Bb2 Rb8 21.
Qc2 Nxd3 22. Bxf6 gxf6 {1/2-1/2 Muir,A-Lukacs,P/Budapest First Sat 1995/EXT 97.
}) (10. Rb1 Rc8 $1 (10... Ne4 $6 11. Ne1 $1 {[%cal Yf2f3,Ye1c2,Yb2b4]} Bxe1 $5
(11... d5 12. f3 Nf6 13. dxc5 Bxe1 14. Rxe1 bxc5 15. cxd5 exd5 16. b4 $1 $16 {
Kortschnoj,V-Antoshin,V/Sochi 1966/MCD (16)}) 12. Rxe1 $14 (12. Qxe1 $5)) (
10... Rc8 $1 11. Qe2 (11. Ne1 Bc6 12. Bc2 Bxe1 13. Rxe1 cxd4 14. exd4 Bxa4 15.
Bxa4 Rxc4 16. d5 Qc5 17. dxe6 fxe6 18. Be3 Qf5 19. Bb3 {gave reasonable
compensation in Knaak,R-Degraeve,J/Germany 1997/GER-chT.}) (11. Nd2 Bc6 $1) (
11. b4 cxb4 12. axb4 Bxb4 13. c5 bxc5 14. Nxc5 Bxc5 15. Rxb7 $13 {( Gelfand )
again gives some compensation, but is not very convincing.}) (11. b3 Bc6 12.
Bb2 Bxa4 13. bxa4 cxd4 14. Nxd4 Nc6 15. Nxc6 dxc6 $13 {Spraggett,K-Ivanov,I/
Quebec op 1980.}) 11... Bc6 (11... Be4 $5 12. Bxe4 Nxe4 13. Qd3 f5 {Gelfand.})
12. Bc2 (12. b3 Bxa4 13. bxa4 cxd4 14. exd4 d5 {see note to 10...Bc6 in the
game.}) 12... d5 13. cxd5 (13. dxc5 dxc4 $5) 13... exd5 14. dxc5 bxc5 15. b4
cxb4 16. Bd2 b3 $13 {Lautier,J-Gelfand,B/Deutschland 1997/Inf 69/[Gelfand,B] 
(16)})) 10... d5 (10... Bc6 11. Bb2 Bxa4 12. bxa4 cxd4 13. Nxd4 (13. exd4 d5
14. Ne5 $13) 13... e5 (13... Nc6 $5 14. Nxc6 dxc6 15. Qf3 Rac8 16. Rad1 $14)
14. Nf5 Qe6 15. f4 $5 e4 $140 16. Nxg7 Kxg7 17. f5 $40) 11. Bb2 dxc4 12. Bxc4
$1 {[%csl Ra5]} (12. bxc4 Nbd7 {[%csl Ga5] is weaker. Black's problems stem
from the fact that ...cxd4 is generally ruled out since white can answer with
b3-b4.}) 12... Nbd7 13. Rc1 Rfd8 14. Qe2 a6 $1 15. Bd3 (15. dxc5 $2 b5) 15...
Bd5 $2 {This seems to be black's one and only chance to play} (15... cxd4 $1
16. exd4 (16. b4 $6 Bxf3 17. gxf3 b5 18. bxa5 bxa4 $15) 16... Nd5 $1 (16... b5
17. Nc5 $14) 17. b4 (17. Bb1 Nf4 18. Qe3 Nd5 19. Qd3 (19. Qe4 $5 f5 $5 (19...
N7f6 20. Qh4 $40)) 19... N7f6 20. b4 b5 21. Nc5 Bb6 {[%csl Yb7,Yd5] and black
has definite counterchances with a suddenly rather healthy minor piece
configuration.}) 17... Nf4 18. Qd2 Nxd3 19. Qxd3 b5 $132) 16. dxc5 $1 b5 (16...
bxc5 17. Bc4 $14 {[%csl Ra6,Rc5]}) 17. b4 bxa4 18. c6 $1 $16 Bb6 19. cxd7 a5
20. bxa5 Rxa5 21. e4 Ba8 22. Ne5 Nxd7 23. Nc4 $1 Ra7 24. Nxb6 Nxb6 25. Bb5 $16
{White has a tremendous advantage. The bishop pair of course, but more
particularly neither of black's minor pieces inspire confidence - the knight
has no stable squares, and the bishop can be easily 'blunted'.} Nd7 26. Rfd1
Nf8 27. f3 $1 {[%csl Ra8]} h6 28. Qc4 Rc7 29. Qxa4 Rxc1 30. Rxc1 Qg5 31. Bf1
Rd2 32. Qb3 Ng6 {A brave attempt to generate some activity, but a few careful
defensive moves suffice.} 33. Rc8+ Kh7 34. Bc1 Nf4 35. g3 {White's bishop pair
again confirm Euwe's claim that the pieces stand well on their home squares.}
1-0

[Event "Julian Borowski 1st"]
[Site "Essen"]
[Date "1999.03.29"]
[Round "3"]
[White "Milov, Vadim"]
[Black "De Firmian, Nick E"]
[Result "1/2-1/2"]
[WhiteElo "2633"]
[BlackElo "2610"]
[Annotator "Wells,P"]
[PlyCount "63"]
[EventDate "1999.03.??"]
[EventType "tourn"]
[EventRounds "9"]
[EventCountry "GER"]
[EventCategory "14"]
[SourceTitle "CBM 071"]
[Source "ChessBase"]
[SourceDate "1999.08.01"]
[SourceVersion "1"]
[SourceVersionDate "1999.08.01"]
[SourceQuality "1"]

1. d4 Nf6 2. c4 e6 3. Nc3 Bb4 4. e3 b6 5. f3 $5 {Although I believe that 5 Ne2
is theoretically the most testing response to black's fianchetto, the text is
also highly critical and ambitious. If the bishop will be fianchettoed on b7
it will simply be smothered by white's big centre. In the game therefore,
black tries the more themetic development to a6 also known from some lines of
the Saemisch.} O-O {Black also has at his disposal more direct attempts to
cross white's plans:} (5... c5 {Comparable with the once-fashionable 4 f3 c5
lines, where white has e3, which is likely in many though not all cases to be
a loss of tempo, and black has ...b6 making good use of which will also
require some ingenuity.} 6. d5 O-O (6... Ba6 $6 7. e4 $1 exd5 8. cxd5 Bxf1 ({
White's play is logical and direct, but also requires a fairly complex
tactical justification of} 8... Nxe4 $6 9. fxe4 Bxc3+ 10. bxc3 Qh4+ 11. g3
Qxe4+ 12. Kf2 Qxh1 13. Bg2 Qxh2 14. Bg5 {'??' - Soffer - and he's right. In my
game, I had calculated as far as here, and deeply mistrusted black's position
after 14 Qe1+. In fact though, although my intuition was good enough for the
assessment, it is probably only} (14. Nh3 $1 O-O 15. Bf4 Re8 16. g4 Re2+ 17.
Qxe2 Qxg2+ 18. Kxg2 Bxe2 19. Re1 g5 20. Rxe2 $1 gxf4 21. Re8+ Kg7 22. Nxf4 f6
23. d6 $18 {[%cal Yf4d5,Yd5c7] which is convincing, as given by Ram Soffer in
CBM 57..}) 14... O-O 15. Bh4 Re8 {1-0 Milov,V-Sutovskij,E/ISR-chT 1997/CBM 57 
(28) and now although white won after further mutual advantures, the
difference between this attempt to remove black's errant queen, and that given
in Soffer's note above is revealed in the variation} 16. Nf3 $2 Re2+ 17. Qxe2
Qxg2+ 18. Kxg2 Bxe2 19. Re1 Bxf3+ 20. Kxf3 Na6 {and black should win.}) 9. Kxf1
d6 10. Nge2 a6 $6 11. Ng3 O-O $2 (11... g6 $1 {Gustafsson} 12. a3 (12. Bh6 Nbd7
13. Qd2 Qe7 $13) 12... Bxc3 13. bxc3 b5 14. c4 Nbd7 15. Bb2 $14) 12. Bg5 h6 13.
Bf4 $16 {1/2-1/2 Gustafsson,J-Wells,P/Bad Woerishofen 1998/ (13)}) (6... Bxc3+
7. bxc3 e5 {looks unlikely to fully equalise. The move ...b6 adds nothing
positive here.} 8. e4 d6 9. Bd3 Nbd7 10. Ne2 h5 11. O-O h4 12. Bg5 Rh5 13. Qc1
Qc7 14. Be3 Rh8 15. h3 Nh5 16. Bg5 $14 {1-0 Milov,V-Huss,A/SWZ 1997/EXT 99 (61)
}) (6... b5 $5 {is untested but looks plausible, since I doubt whether white
has better than} 7. e4 {which transposes to a line which was popular during
the early 90s fashion for 4 f3. In fact this line gives white an edge.}) 7. e4
$1 {Is the most natural.} (7. Nh3 $6 Re8 $5 (7... b5 8. dxe6 fxe6 9. cxb5 d5
10. Nf2 c4 11. Be2 a6 12. bxa6 Bxa6 {also gave black some compensation for the
pawn in 1-0 Miles,A-De Firmian,N/Reykjavik 1986/EXT 97 (68).}) 8. e4 Ba6 $5 9.
Nf4 exd5 10. cxd5 Bxf1 11. Kxf1 d6 12. Nce2 $6 b5 13. a4 Nbd7 $5 14. axb5 Qb6
15. Qa4 Ne5 $1 $17 16. h4 a6 $6 17. b3 $1 (17. bxa6 c4 $40) 17... Qxb5 18. Bb2
$15 Qxa4 19. Rxa4 Nfd7 20. Kf2 Reb8 21. Rd1 $1 a5 22. Ra2 Ra6 23. Bxe5 $1 Nxe5
24. Nd3 Nxd3+ 25. Rxd3 Rba8 26. Nc3 Bxc3 27. Rxc3 f6 28. Ke2 a4 29. bxa4 Rxa4
30. Rb2 {1/2-1/2 Soffer,R-Wells,P/Balatonbereny 1997/[Wells] (30)}) 7... d6 8.
Nge2 b5 9. Nf4 $5 e5 10. Nfe2 bxc4 11. Ng3 Ba6 12. Bg5 h6 13. Be3 {[%cal Yg3f5,
Yd1d2,Yg2g4,Yh2h4] and white has good attacking chances for the pawn.}) (5...
Nh5 6. Nh3 f5 7. e4 O-O (7... fxe4 8. Bg5 Nf6 9. fxe4 h6 10. Bh4 $5 g5 11. e5
gxh4 12. Qf3 Nc6 13. exf6 $40 {Wells}) 8. Bg5 Qe8 9. exf5 exf5+ 10. Be2 Bxc3+
11. bxc3 d6 12. f4 Bb7 13. Kf2 $1 Nf6 14. Bxf6 Rxf6 15. Re1 {White has better
development in just about all examples of 5...Nh5.} Qd7 16. Bf3 Bxf3 17. Qxf3
Qc6 18. Re7 Rf7 19. Rxf7 Qxf3+ 20. Kxf3 Kxf7 21. Ng5+ Kg8 22. Re1 Nc6 23. d5
Na5 24. Re7 $16 {1-0 Kindermann,S-Iskov,G/Wijk aan Zee 1982/MCD (33)}) 6. e4
Ba6 7. Nh3 (7. Bd3 c5 8. d5 Bxc3+ 9. bxc3 d6 10. Nh3 Nbd7 11. Bf4 Ne5 12. Bxe5
dxe5 13. dxe6 fxe6 14. O-O Qc7 15. Qa4 Rad8 16. Rad1 Bb7 17. Be2 $11 {1/2-1/2
Volzhin,A-Timman,J/Open, Koge DEN 1997 (34)}) 7... Nc6 8. Bd3 e5 9. d5 Na5 {
There is a certain similarity between the choice of square here and in the
line 5 Ne2 Ba6 6 Ng3 0-0 7e4 Nc6 8 Bd3 e5 9 d5 discussed in Benitah - Cvek.
However, there is a big difference too - white's knight on h3 is not
threatening to come into f5. This makes me quite enthusiastic for black's
set-up and justifies this more ambitious placement of the knight.} 10. Qe2
Bxc3+ 11. bxc3 d6 12. Bg5 h6 13. Bh4 g5 14. Bg3 Bc8 15. Nf2 Nh5 $15 16. c5 $5 {
I cannot exactly regard this pawn offer as 'promising' but it is typical of
Vadim Milov who has a very good feel for the dynamics of chess, and who
therefore recognises that without some break his position will prove lifeless.}
bxc5 17. Rb1 Kg7 18. O-O c6 19. dxc6 Be6 20. Rb2 Qc7 21. Ng4 $5 {[%mdl 2304]
Another interesting insight. It appears that in addition to white's pawn minus,
he will be saddled with a particularly hideous ste of pawns on the king-side.
In fact though, they muddle together a fair blockading role, and white is able
to prove that black is rather tied down to his own weaknesses too.} Rab8 22.
Rd2 $1 {Retention of a full set of rooks is fundamental to white's defensive
aspirations.} Qxc6 23. Rfd1 c4 {At first as I looked with some astonishment at
black's failure to make progress here, I thought this might be the culprit. In
fact, after} (23... Bxg4 24. fxg4 Nxg3 25. hxg3 Rb6 26. Qf3 {it also seems
difficult for black to make headway.}) 24. Bc2 Nxg3 25. hxg3 Bxg4 26. fxg4 Nb7
(26... Qc5+ 27. Kh2 Rb6 28. Qf3 $15) 27. Kh2 Rbe8 28. Rb1 $1 Re6 29. Rb4 a5 30.
Ba4 $1 (30. Rxc4 Nc5 {[%csl Rc4]}) 30... Qc8 31. Rb1 Nc5 32. Bb5 (32. Bb5 Qb7
33. Rd5 $13) 1/2-1/2